The JP Quiz (Answers are JP) - Statistics

General Stats
  • This quiz has been taken 191 times
    155 since last reset
  • The average score is 10 of 24
Answer Stats
Hint Answer % Correct
JP is the ISO code for this country Japan
95%
Best website on the Internet Jetpunk
80%
Common method of lossy compression for digital images JPEG
80%
The magazine Jp concerns this vehicle. Jeep
79%
He played the title character in Joker Joaquin Phoenix
55%
American department store chain with 865 locations J.C. Penney
54%
Michael Crichton novel...or movie Jurassic Park
53%
American financier of the Gilded Age, or his bank J.P. Morgan
52%
Diminutive actor of Goodfellas and Home Alone Joe Pesci
51%
Big Bang Theory actor Jim Parsons
42%
"Dark horse" US president James Polk
34%
Led Zeppelin guitarist Jimmy Page
34%
Judge of a court of limited jurisdiction, a magistrate (4 words) Justice of the Peace
32%
Two-word slang meaning "Kidding" Just Playin'
32%
Beverly Hills, 90210 heartthrob Jason Priestley
28%
French Marxist philosopher {Jean}-{Paul} {Sartre}
25%
Revolutionary naval commander, or Led Zeppelin bassist John Paul Jones
25%
Host of Survivor Jeff Probst
24%
Major figure in the abstract expressionist movement Jackson Pollock
22%
Won an Oscar for City Slickers Jack Palance
21%
Canadian author and psychologist popular on Youtube Jordan Peterson
17%
Disgraced Penn State football coach Joe Paterno
15%
Author who sold 300+ million books ($560m net worth) James Patterson
14%
Carribean-sounding Boston suburb Jamaica Plain
9%
No matching quizzes found
Score Distribution
Percent of People with Each Score
Percentile by Number Answered
Your Score History
You have not taken this quiz since the last reset